La Contaminació del sòl : procés de degradació del medi edàfic i de l'entorn / M. Teresa Felipó, M. Antònia Garau procés de degradació del medi edàfic i de l'entorn / M. Teresa Felipó, M. Antònia Garau
Descripción Física:
85 p. : il. ; 24 cm
Colección:
Quaderns d'ecologia aplicada ; 12
Otros Autores:
Garau Guasch, Maria Antònia
MARC
| LEADER | 00000nam a2200000Ia 4500 | ||
|---|---|---|---|
| 001 | 4955 | ||
| 008 | 160829s1987 xx 000 0 cat d | ||
| 080 | |a C-1-226 | ||
| 100 | 1 | |a Felipó, Ma. Teresa, |q (María Teresa) |9 455 | |
| 245 | |a La Contaminació del sòl : |b procés de degradació del medi edàfic i de l'entorn / M. Teresa Felipó, M. Antònia Garau | ||
| 260 | |a Barcelona : |b Servei del Medi Ambient, Diputació de Barcelona, |c 1987 | ||
| 300 | |a 85 p. : |b il. ; |c 24 cm | ||
| 490 | |a Quaderns d'ecologia aplicada ; 12 | ||
| 650 | 0 | |a Contaminació |9 30503 | |
| 650 | |a Ecologia |9 37601 | ||
| 700 | |a Garau Guasch, Maria Antònia |9 30504 | ||
| 710 | 1 | |a Barcelona (Catalunya : Província). |b Servei de Medi Ambient |9 53475 | |
| 901 | |a Arxiu | ||
| 942 | |n 1 | ||
| 952 | |0 0 |1 0 |4 0 |6 C1226 |7 1 |9 45433 |a Arxiu |b Arxiu |d 2016-12-01 |l 0 |o C-1-226 |p 4955 |r 2016-12-01 00:00:00 |w 2016-12-01 |y ARXIU | ||
| 999 | |c 48555 |d 48555 | ||